000 00559nam a2200181 4500
003 LK-CoMWRAF
005 20240217003355.0
008 231210b |||||||| |||| 00| 0 eng d
020 _a9789556250398
040 _aLK-CoMWRAF
_dLK-CoMWRAF
_eLK-CoMWRAF
041 _atam
082 _a297.72
_bRAC
100 _aறாசிக், எம். எம்.
245 _aவன்முறக்கு எதிரான ஜிஹாத்
260 _aColombo :
_bMuslim Women's Research and Action Forum - MWRAF,
_c2011
300 _a46 p.
942 _cBK
999 _c4326
_d4326